| Tag |
First Indicator |
Second Indicator |
Subfields |
| LEADER |
00000cas a2200000 a 4500 |
| 001 |
in00002248521 |
| 005 |
20151105052540.0 |
| 006 |
m d |
| 007 |
cr cnu|||||||| |
| 008 |
040817c20029999at fr pss 0 0eng |
| 010 |
|
|
|a 2004210573
|
| 022 |
|
|
|a 1446-9219
|
| 029 |
1 |
|
|a OCLCS
|b OP-44505
|
| 035 |
|
|
|a (OCoLC)ocm56208857
|
| 035 |
|
|
|a (OCoLC)56208857
|
| 040 |
|
|
|a DLC
|c DLC
|d OCLCQ
|d TXA
|d UtOrBLW
|
| 042 |
|
|
|a lc
|
| 049 |
|
|
|a TXAM
|
| 050 |
0 |
0 |
|a PC1
|b .F55 Electronic
|
| 245 |
0 |
0 |
|a Flinders University languages group online review :
|b FULGOR.
|
| 246 |
3 |
0 |
|a FULGOR
|
| 264 |
|
1 |
|a Adelaide, Australia :
|b Dept. of Languages, Flinders University,
|c /2003-
|
| 264 |
|
4 |
|c ©2002
|
| 310 |
|
|
|a Semiannual
|
| 336 |
|
|
|a text
|b txt
|2 rdacontent
|
| 337 |
|
|
|a computer
|b c
|2 rdamedia
|
| 338 |
|
|
|a online resource
|b cr
|2 rdacarrier
|
| 362 |
0 |
|
|a Vol. 1, issue 1 (Mar. 2002)-
|
| 500 |
|
|
|a Title from journal title page, publisher's website (viewed Aug. 17, 2004).
|
| 500 |
|
|
|a Latest issue consulted: Volume 1, issue 3 (Dec. 2003) (publisher's website, viewed Aug. 17, 2004).
|
| 538 |
|
|
|a Mode of access: World Wide Web.
|
| 500 |
|
|
|a Electronic resource.
|
| 650 |
|
0 |
|a Romance philology
|v Periodicals.
|
| 650 |
|
0 |
|a Greek philology
|v Periodicals.
|
| 650 |
|
0 |
|a Applied linguistics
|v Periodicals.
|
| 710 |
2 |
|
|a Flinders University of South Australia.
|b Department of Languages.
|
| 850 |
|
|
|a DLC
|
| 948 |
|
|
|a cataloged
|b h
|c 2007/6/5
|d c
|e pbump
|
| 994 |
|
|
|a C0
|b TXA
|
| 999 |
|
|
|a MARS
|
| 999 |
f |
f |
|s b8941cb2-5d13-3dfa-b4f7-39c28f960e9c
|i fb83e328-6fe6-3259-af11-a3f791295fa5
|t 0
|
| 952 |
f |
f |
|a Texas A&M University
|b College Station
|c Electronic Resources
|d Available Online
|t 0
|e PC1 .F55
|g Electronic
|h Library of Congress classification
|
| 998 |
f |
f |
|a PC1 .F55
|t 0
|l Available Online
|